| 000 | 01153nam a22003857a 4500 | ||
|---|---|---|---|
| 003 | OSt | ||
| 008 | 150622b xxu||||| |||| 00| 0 eng d | ||
| 100 | 1 | _aTchilinghirian, S.D. | Ashford, Peter T. | |
| 041 | _aeng | ||
| 245 | 1 | 0 | _aThe postage stamps of Armenia |
| 246 | 1 | 0 | _aPart 1: The Framed Monograms |
| 260 |
_aWarminster, Wilts., [England] _bBritish Society of Russian Philately |
||
| 300 | _a0 pages | ||
| 650 | 0 | _aRussia | |
| 650 | 0 | _aArmenia (1919-1923) | |
| 650 | 0 | _aTranscaucasian Federated Republics (1923-1924) | |
| 650 | 0 | _aUnion of Soviet Socialist Republics (1917-1991) | |
| 650 | 0 | _aProduction | |
| 650 | 0 | _aEssays and Proofs | |
| 650 | 0 | _aErrors and Varieties | |
| 650 | 0 | _aOverprints and Surcharges | |
| 650 | 0 | _aPostal History | |
| 650 | 0 | _aPostal Markings | |
| 650 | 0 | _aForgeries and Counterfeits | |
| 650 | 0 | _aBogus and Forged | |
| 650 | 0 | _aStamps -- Histories | |
| 650 | 0 | _aPostal Rates | |
| 650 | 0 | _aCovers | |
| 650 | 0 | _aRegistered Mail | |
| 650 | 0 | _aPost office | |
| 650 | 0 | _aSeals and Labels | |
| 650 | 0 | _aCatalogs and Price Lists | |
| 650 | 0 | _aDefinitive Issues | |
| 700 | 1 | _aAshford, Peter T. | |
| 999 |
_c1618 _d1618 |
||